| 000 | 00348nam a2200145Ia 4500 | ||
|---|---|---|---|
| 008 | 230917s9999||||xx |||||||||||||| ||und|| | ||
| 040 |
_e131294 _aMAIN |
||
| 041 | _aEnglish | ||
| 082 | _a657-48 T 829 F | ||
| 100 | _aTulsian, P.C. | ||
| 245 | 0 | _aFinancial accounting | |
| 250 | _a2nd ed. | ||
| 260 |
_aNew Delhi _bTata McGraw-Hill |
||
| 942 | _cBK | ||
| 999 |
_c136882 _d136882 |
||